Tilastot visalle Helsinki-visa

Klikkaa tästä pelataksesi tätä visaa!

Yleistilastot

  • Tätä visaa on pelattu 473 kertaa
    (164 viimeisimmän päivityksen jälkeen)
  • Keskiarvotulos 14 / 16

Vastaustilastot

VihjeVastaus% Oikein
Kaupungin ruotsinkielinen nimiHelsingfors
99%
Helsinki sijaitsee tämän lahden rannalla{Suomen}lahti
99%
Suomen pääkaupunki siirrettiin tästä kaupungista Helsinkiin vuonna 1812Turku
99%
Maakunta, johon Helsinki kuuluuUusimaa
99%
Helsinkiä lähimpänä sijaitseva ulkomaalainen pääkaupunkiTallinna
98%
Kaupungissa vuonna 1891 perustettu yhtiö, erityisen tunnettu suklaastaanFazer
96%
Tapahtuma, joka järjestettiin Helsingissä vuonna 1952Olympialaiset
96%
Lähellä sijaitseva Suomen toiseksi suurin kaupunkiEspoo
95%
Helsingissä syntynyt Suomen ensimmäinen naispresidenttiTarja Halonen
93%
Valtio, joka pommitti kaupunkia useasti toisen maailmansodan aikanaNeuvostoliitto
91%
Saarella sijaitseva maailmanperintökohdeSuomenlinna
90%
Helsinki koostuu 315 tällaisesta (vihje: kaupunki sijaitsee rannikolla)Saari
83%
Helsingissä on maailman pohjoisin _____linjaMetro
79%
Venäjän tsaari, joka siirsi pääkaupunkiaAleksanteri I
71%
Tuleva neuvostohallitsija, joka pakeni hetkeksi HelsinkiinVladimir Lenin
71%
Ohjaaja, jonka elokuvista useat, kuten Mies vailla menneisyyttä sijoittuvat HelsinkiinAki Kaurismäki
65%

Tulosjakauma

Persentiili vastausten määrän mukaan

Jokaisen tuloksen saaneiden osuus

Tuloshistoriasi

Et ole pelannut tätä visaa sen viimeisimmän päivityksen jälkeen